000 00525nam a2200181Ia 4500
005 20250508152954.0
008 008 250505s9999 xx 000 0 hin d
037 _aTextual
040 _aFEDL
_beng
_cFEDL
041 _ahin
_2eng
084 _a891.431, SAN
_qFEDL
100 _aSankretyayan Rahul Ed.
_9762888
245 0 _aDoha-kosh: Hindi-chhayanivad-sahit
260 _aPatna, India
_bBihar Rashtrabhasha Parishad
_c1957
300 _a476p
942 _cTEXL
_h891.431, SAN
999 _c1339912
_d1339912